| 000 | 00375 a2200121 4500 | ||
|---|---|---|---|
| 005 | 20250317163839.0 | ||
| 020 | _a978-1-118-99539-6 | ||
| 082 | _a658.872 WEI | ||
| 100 | _aWEINMAN, J. | ||
| 245 | _aDigital Disciplines: Attaining Market Leadership Via the Cloud, Big Data, Social, Mobile and the Internet of Things | ||
| 300 |
_axxi, 375p. ill. _bIndex _c23cm. |
||
| 942 |
_2ddc _cBKS |
||
| 999 |
_c830 _d830 |
||